| 000 | 00000nas 2200000za 4500 |
| 001 | 9.858946 |
| 003 | CaOODSP |
| 005 | 20221107160129 |
| 007 | cr ||||||||||| |
| 008 | 180712d19381942oncar p os f0###a0eng|d |
| 040 | |aCaOODSP|beng |
| 043 | |an-cn--- |
| 086 | 1 |aCS26-207E-PDF |
| 245 | 00|aDiamond drilling industry |h[electronic resource]. |
| 260 | |aOttawa : |bDept. of Trade and Commerce, Dominion Bureau of Statistics, Mining, Metallurgical and Chemical Branch, |c1939-1943. |
| 300 | |a4 v. |
| 310 | |aAnnual |
| 362 | 0 |a1938-1942. |
| 500 | |aCaption title. |
| 500 | |aDigitized edition from print [produced by Statistics Canada]. |
| 515 | |aIssue for 1940 not published. |
| 580 | |aContinued by: Contract diamond drilling industry. |
| 692 | 07|2gccst|aDiamonds |
| 692 | 07|2gccst|aMining industry |
| 710 | 1 |aCanada. |bDominion Bureau of Statistics. |bMining, Metallurgical and Chemical Branch. |
| 785 | 00|tContract diamond drilling industry |w(CaOODSP)9.858952 |